Historia, violencia, imagen
Gespeichert in:
| Hauptverfasser: | , , , , , , , , , |
|---|---|
| Weitere Verfasser: | |
| Format: | Buch |
| Sprache: | Spanisch |
| Veröffentlicht: |
Santiago
Universidad de Chile
2007
|
| Schriftenreihe: | Colección teoría, 17
|
| Schlagworte: | |
| Tags: |
Tag hinzufügen
Keine Tags, Fügen Sie den ersten Tag hinzu!
|
MARC
| LEADER | 00000nam a2200000 a 4500 | ||
|---|---|---|---|
| 001 | UCG1390 | ||
| 003 | CL-VaPUC | ||
| 008 | 100429e20070500CL |||||||||||||||||spa|d | ||
| 020 | |a 9789561905887 | ||
| 082 | 0 | 4 | |a 901 |b GAL |2 21 |
| 100 | |a Galende, Federico |9 604842 | ||
| 700 | 0 | |a Zúñiga C., Rodrigo |e author |9 549335 | |
| 700 | 0 | |a Collingwood-Selby, Elizabeth |e author |9 549336 | |
| 700 | 0 | |a Arqueros, Gonzalo |e author |9 549337 | |
| 700 | 0 | |a Thayer, Willy |e author |9 549338 | |
| 700 | |a Oyarzún Robles, Pablo, |d 1950- |e author |9 464287 | ||
| 700 | 0 | |a Rivera Hutinel, Marcela |e author |9 549339 | |
| 700 | 0 | |a Casanova, Carlos A |e author |9 549340 | |
| 700 | 0 | |a Longás, Fernando |e author |9 549341 | |
| 700 | |a Molina Domingo, Gastón |e autor |9 533690 | ||
| 700 | 0 | |a Tatián, Diego |e author |9 549343 | |
| 245 | 1 | 0 | |a Historia, violencia, imagen |
| 300 | |a 239 p | ||
| 942 | |c BK | ||
| 945 | |d 20100429 00:00:00 |a dcastane | ||
| 260 | |a Santiago |b Universidad de Chile |c 2007 | ||
| 650 | 0 | |a Filosofía de la historia |9 265651 | |
| 650 | 0 | |a Historia moderna |9 268036 | |
| 650 | 0 | |a Civilización |9 255823 | |
| 650 | 0 | |a Epistemología |9 264994 | |
| 650 | 7 | |a MEMORIAS |2 CL-VaPUC |9 269159 | |
| 650 | 0 | |a Violencia |9 255411 | |
| 583 | |a last modification |c 20121001 12:28:00 |k Rodrigo Vera | ||
| 490 | 0 | |a Colección teoría, 17 | |
| 999 | |c 340790 |d 340788 | ||
| 952 | |0 0 |1 0 |4 0 |6 901_000000000000000_GAL_2007 |7 0 |8 A |9 435815 |a BIBART |b BIBART |d 2019-11-22 |i 4665317 |l 2 |o 901 GAL 2007 |p 4665317 |r 2025-03-13 |s 2024-06-07 |w 2019-11-22 |y BK |k ART | ||